| 000 | 00536nam a2200157 i 4500 | ||
|---|---|---|---|
| 001 | 87044 | ||
| 003 | ES-MaACL | ||
| 007 | t| | ||
| 008 | 041217s1915 gw ||||1| ger d | ||
| 100 | 1 |
_aKlüepfel, Ludwig. _968306 |
|
| 245 | 1 | 0 |
_aVerwaltungsgeschichte des Königreichs Aragon zu Ende des 13 Jahrhunderts / _cvon Ludwig Klüepfel ; Aus dem Nachlasse herausgegeben von H.E. Rohde. |
| 260 |
_aBerlín : _bW. Kohlhammer, _c1915. |
||
| 300 |
_aXX, 220 p., 1 lám. ; _c23 cm. |
||
| 700 | 1 |
_aRohde, H. E. _998975 |
|
| 852 |
_aES-MaACL _jG-2791 |
||
| 999 |
_c87044 _d87044 |
||